Statistics for Studio Ghibli Characters

Click here to take the quiz!

General Stats

  • This quiz has been taken 519 times
  • The average score is 4 of 15

Answer Stats

HintAnswer% Correct
Young WitchKiki
95%
SenChihiro
60%
Mother of Giant BabyYubaba
51%
The Wolf GirlSan
43%
Black CatJiji
42%
Tiny GirlArriety
25%
Young man from the EastAshitaka
24%
Princess LaputaSheeta
21%
Giant WolfMoro
14%
Excellent Trumpet PlayerPazu
9%
Pirate MotherDola
7%
Seemingly Heartless WomanLady Eboshi
6%
Faithful MountYakul
5%
MonkJigo
4%
Dude with a Giant SwordGonza
1%

Score Distribution

Percentile by Number Answered

Percent of People with Each Score

Your Score History

You have not taken this quiz